Statistics for St. Louis Cardinals Trivia

Click here to take the quiz!

General Stats

  • This quiz has been taken 829 times
    (577 since last reset)
  • The average score is 12 of 16

Answer Stats

QuestionAnswer% Correct
Name of the Cardinals' stadium{Busch} Stadium
98%
Cardinal who won MVP awards in 2005, 2008, and 2009Albert Pujols
94%
Shortstop who won 13 Gold Gloves between 1980–1992Ozzie Smith
93%
Player who hit 70 home runs in 1998, shattering Roger Maris's single-season recordMark McGwire
92%
Pitcher who played his entire career with the Cardinals from 2005–2023Adam Wainwright
87%
All-time team leader in hits and home runsStan Musial
86%
Slugger who was NL MVP in 2022 – batting .317 with 35 homersPaul Goldschmidt
81%
Pitcher who set a modern-era record with an ERA of just 1.12 in 1968Bob Gibson
80%
Manager who led the Cardinals to World Series titles in 2006 and 2011Tony La Russa
80%
Nickname of that playerThe {Wizard}
77%
Cardinal who set Major League records for career and single-season stolen bases that
were later broken by Rickey Henderson
Lou Brock
67%
Manager of the 1980s who developed the strategy of "Whiteyball",
prioritizing baserunning and defense
Whitey Herzog
61%
Player who batted over .400 in 1922, 1924, and 1925Rogers Hornsby
53%
Radio announcer who gave the play-by-play for Cardinals games for nearly
fifty years starting in 1954
Jack Buck
50%
Speedster who stole 110 bases as a rookie with the Cardinals in 1985Vince Coleman
47%
Pitcher who won 30 games in 1934, earning an MVP award and leading the
"Gashouse Gang" to a World Series title
Dizzy Dean
46%

Score Distribution

Percentile by Number Answered

Percent of People with Each Score

Your Score History

You have not taken this quiz since the last reset